000 00285nam a22001337a 4500
008 180905b xxu||||| |||| 00| 0 eng d
020 _a9780070378797
041 _aeng
080 _26 ED
_a316
100 _a50
101 _aSOC
245 _aSociology
_cKeller..S
942 _2udc
_cBK
999 _c47547
_d47547